| 000 | 01035cam a22003135a 4500 | ||
|---|---|---|---|
| 001 | 13605091 | ||
| 005 | 20151017092936.0 | ||
| 008 | 040525t2005 flua frb 001 0 eng d | ||
| 010 | _a 2004051936 | ||
| 020 | _a0849316928 (alk. paper) | ||
| 020 | _a9780849316920 | ||
| 040 |
_aDNLM/DLC _beng _cDLC _dDLC _dEG-ScBUE |
||
| 082 | 0 | 4 |
_a615.7 _bLIP _222 |
| 245 | 0 | 0 |
_aLipospheres in drug targets and delivery : _bapproaches, methods, and applications / _cedited by Claudio Nastruzzi. |
| 260 |
_aBoca Raton : _bCRC Press, _cc.2005. |
||
| 300 |
_a171 p. : _bill. ; _c25 cm. |
||
| 500 | _aIndex : p. 161-171. | ||
| 504 | _aIncludes bibliographical references. | ||
| 650 | 0 |
_aLiposomes _xTherapeutic use. _2BUEsh |
|
| 650 | 0 |
_aMicrospheres (Pharmacy) _2BUEsh |
|
| 650 | 0 |
_aNanoparticles. _2BUEsh _93844 |
|
| 650 | 0 |
_aDrug carriers (Pharmacy) _2BUEsh |
|
| 650 | 0 |
_aDrug targeting. _2BUEsh |
|
| 651 | _2BUEsh | ||
| 653 |
_bPPhrm _cOctober2015 |
||
| 655 |
_vReading book _934232 |
||
| 700 | 1 |
_aNastruzzi, Claudio, _eeditor. |
|
| 942 | _2ddc | ||
| 999 |
_c20923 _d20895 |
||